Chordate zoology and elements of animal physiology (Record no. 226963)
[ view plain ]
| 000 -LEADER | |
|---|---|
| fixed length control field | 00794nam a22002777a 4500 |
| 005 - DATE AND TIME OF LATEST TRANSACTION | |
| control field | 20230310094457.0 |
| 008 - FIXED-LENGTH DATA ELEMENTS--GENERAL INFORMATION | |
| fixed length control field | 230310b ||||| |||| 00| 0 eng d |
| 040 ## - CATALOGING SOURCE | |
| Transcribing agency | AL |
| 041 ## - LANGUAGE CODE | |
| Language code of text/sound track or separate title | eng |
| 082 ## - DEWEY DECIMAL CLASSIFICATION NUMBER | |
| Edition number | 23 |
| Classification number | 590/216 |
| Item number | JORC |
| 100 ## - MAIN ENTRY--PERSONAL NAME | |
| Personal name | E L Jordan |
| 100 ## - MAIN ENTRY--PERSONAL NAME | |
| 9 (RLIN) | 74902 |
| 100 ## - MAIN ENTRY--PERSONAL NAME | |
| Dates associated with a name | VISHNOI (H S) |
| 9 (RLIN) | 74883 |
| 245 ## - TITLE STATEMENT | |
| Title | Chordate zoology and elements of animal physiology |
| 250 ## - EDITION STATEMENT | |
| Edition statement | 4 |
| 260 ## - PUBLICATION, DISTRIBUTION, ETC. | |
| Place of publication, distribution, etc. | New Delhi |
| Name of publisher, distributor, etc. | S Chand & Co Pvt Ltd |
| Date of publication, distribution, etc. | 1974 |
| 300 ## - PHYSICAL DESCRIPTION | |
| Extent | xii,830p. |
| Other physical details | HB |
| Dimensions | 21x14cm. |
| 365 ## - TRADE PRICE | |
| Source of price type code | Zoology |
| 650 ## - SUBJECT ADDED ENTRY--TOPICAL TERM | |
| Topical term or geographic name entry element | Phylum Chordata |
| 9 (RLIN) | 74884 |
| 650 ## - SUBJECT ADDED ENTRY--TOPICAL TERM | |
| Topical term or geographic name entry element | Subphylum Acrania |
| 9 (RLIN) | 74885 |
| 650 ## - SUBJECT ADDED ENTRY--TOPICAL TERM | |
| Topical term or geographic name entry element | Skeletal System |
| 9 (RLIN) | 74886 |
| 650 ## - SUBJECT ADDED ENTRY--TOPICAL TERM | |
| Topical term or geographic name entry element | Coelom and Digestive System |
| 9 (RLIN) | 74887 |
| 650 ## - SUBJECT ADDED ENTRY--TOPICAL TERM | |
| Topical term or geographic name entry element | Animal Physiology |
| 9 (RLIN) | 74888 |
| 700 ## - ADDED ENTRY--PERSONAL NAME | |
| Personal name | JORDAN (E L) |
| 9 (RLIN) | 74889 |
| 700 ## - ADDED ENTRY--PERSONAL NAME | |
| Personal name | VISHNOI (H S) |
| 9 (RLIN) | 74890 |
| 942 ## - ADDED ENTRY ELEMENTS (KOHA) | |
| Source of classification or shelving scheme | Dewey Decimal Classification |
| Koha item type | Book Bank |
| Withdrawn status | Lost status | Source of classification or shelving scheme | Damaged status | Not for loan | Collection code | Home library | Current library | Shelving location | Date acquired | Total Checkouts | Full call number | Barcode | Date last seen | Price effective from | Koha item type |
|---|---|---|---|---|---|---|---|---|---|---|---|---|---|---|---|
| Dewey Decimal Classification | Zoology | St Aloysius Library | St Aloysius Library | UGC Book Bank | 02/17/2021 | 590/216 JORC | BB02792 | 03/10/2023 | 03/10/2023 | Book Bank | |||||
| Dewey Decimal Classification | Zoology | St Aloysius Library | St Aloysius Library | UGC Book Bank | 02/17/2021 | 590/149 JORC | BB02558 | 03/10/2023 | 03/10/2023 | Book Bank | |||||
| Dewey Decimal Classification | Zoology | St Aloysius Library | St Aloysius Library | UGC Book Bank | 02/17/2021 | 590/214 JORC | BB02790 | 03/10/2023 | 03/10/2023 | Book Bank | |||||
| Dewey Decimal Classification | Zoology | St Aloysius Library | St Aloysius Library | UGC Book Bank | 02/17/2021 | 590/217 JORC | BB02793 | 03/10/2023 | 03/10/2023 | Book Bank | |||||
| Dewey Decimal Classification | Zoology | St Aloysius Library | St Aloysius Library | UGC Book Bank | 02/17/2021 | 590/220 JORC | BB02796 | 03/10/2023 | 03/10/2023 | Book Bank | |||||
| Dewey Decimal Classification | Zoology | St Aloysius Library | St Aloysius Library | UGC Book Bank | 02/17/2021 | 590/212 JORC | BB02788 | 03/10/2023 | 03/10/2023 | Book Bank | |||||
| Dewey Decimal Classification | Zoology | St Aloysius Library | St Aloysius Library | UGC Book Bank | 02/17/2021 | 590/218 JORC | BB02794 | 03/10/2023 | 03/10/2023 | Book Bank | |||||
| Dewey Decimal Classification | Zoology | St Aloysius Library | St Aloysius Library | UGC Book Bank | 02/17/2021 | 590/153 JORC | BB02562 | 03/10/2023 | 03/10/2023 | Book Bank | |||||
| Dewey Decimal Classification | Zoology | St Aloysius Library | St Aloysius Library | UGC Book Bank | 02/17/2021 | 590/211 JORC | BB02787 | 03/10/2023 | 03/10/2023 | Book Bank | |||||
| Dewey Decimal Classification | Zoology | St Aloysius Library | St Aloysius Library | UGC Book Bank | 02/17/2021 | 590/210 JORC | BB02786 | 03/10/2023 | 03/10/2023 | Book Bank | |||||
| Dewey Decimal Classification | Zoology | St Aloysius Library | St Aloysius Library | UGC Book Bank | 02/17/2021 | 590/152 JORC | BB02561 | 03/10/2023 | 03/10/2023 | Book Bank | |||||
| Dewey Decimal Classification | Zoology | St Aloysius Library | St Aloysius Library | UGC Book Bank | 02/17/2021 | 590/154 JORC | BB02563 | 03/10/2023 | 03/10/2023 | Book Bank | |||||
| Dewey Decimal Classification | Zoology | St Aloysius Library | St Aloysius Library | UGC Book Bank | 02/17/2021 | 590/209 JORC | BB02785 | 03/10/2023 | 03/10/2023 | Book Bank | |||||
| Dewey Decimal Classification | Zoology | St Aloysius Library | St Aloysius Library | UGC Book Bank | 02/17/2021 | 590/150 JORC | BB02559 | 03/10/2023 | 03/10/2023 | Book Bank | |||||
| Dewey Decimal Classification | Zoology | St Aloysius Library | St Aloysius Library | UGC Book Bank | 02/17/2021 | 590/219 JORC | BB02795 | 03/10/2023 | 03/10/2023 | Book Bank | |||||
| Dewey Decimal Classification | Zoology | St Aloysius Library | St Aloysius Library | UGC Book Bank | 02/17/2021 | 590/148 JORC | BB02557 | 03/10/2023 | 03/10/2023 | Book Bank | |||||
| Dewey Decimal Classification | Zoology | St Aloysius Library | St Aloysius Library | UGC Book Bank | 02/17/2021 | 590/151 JORC | BB02560 | 04/13/2023 | 03/10/2023 | Book Bank | |||||
| Dewey Decimal Classification | Zoology | St Aloysius Library | St Aloysius Library | UGC Book Bank | 02/17/2021 | 590/215 JORC | BB02791 | 04/15/2023 | 03/10/2023 | Book Bank |